Neural networks : A classroom Approach

Spremljeno u:
Bibliografski detalji
Glavni autor: Kumar, Satish
Format: Knjiga
Jezik:Undetermined
Izdano: New York McGraw-Hill 2004
Teme:
Oznake: Dodaj oznaku
Bez oznaka, Budi prvi tko označuje ovaj zapis!
Thư viện lưu trữ: Trung tâm Học liệu Trường Đại học Cần Thơ
LEADER 00530nam a2200205Ia 4500
001 CTU_93941
008 210402s9999 xx 000 0 und d
020 |c 12.83 
082 |a 006.32 
082 |b K96 
100 |a Kumar, Satish 
245 0 |a Neural networks : 
245 2 |b A classroom Approach 
245 0 |c Satish Kumar 
260 |a New York 
260 |b McGraw-Hill 
260 |c 2004 
650 |a Neural networks (Computer science) 
904 |i Tuyến 
980 |a Trung tâm Học liệu Trường Đại học Cần Thơ